[Event "Muenster op"]
[Site "Muenster"]
[Date "1993.??.??"]
[Round "8"]
[White "Roeder, Mathias"]
[Black "Dokhoian, Yury"]
[Result "1/2-1/2"]
[WhiteElo "2425"]
[BlackElo "2550"]

1.d4 d5 2.c4 e6 3.Nc3 c6 4.Nf3 Nf6 5.e3 Nbd7 6.Qc2 Bd6 7.Be2 O-O 8.O-O Qe7
9.Rd1 Re8 10.b3 b6 11.e4 Nxe4 12.Nxe4 dxe4 13.Qxe4 Bb7 14.Bf4 Ba3 15.Ne5 Nxe5  1/2-1/2

[Event "Munich op9293"]
[Site "Munich"]
[Date "1993.??.??"]
[Round "2"]
[White "Stangl, Markus"]
[Black "Chernin, Alexander"]
[Result "1/2-1/2"]
[WhiteElo "2475"]
[BlackElo "2600"]

1.Nf3 d5 2.d4 c6 3.c4 Nf6 4.Nc3 e6 5.e3 Nbd7 6.Qc2 Bd6 7.Be2 O-O 8.O-O dxc4
9.Bxc4 Qe7 10.a3 e5 11.h3 Bb8 12.Ba2 h6 13.Nh4 Rd8 14.Nf5 Qe8 15.Bd2 Nf8
16.Rad1 exd4 17.Nxd4 Bc7 18.Bc1 Bb6 19.Rfe1 Bxd4 20.exd4 Be6 21.d5 cxd5 22.Nxd5 Nxd5
23.Rxd5 Rdc8 24.Rc5 b6 25.Rxc8 Rxc8 26.Qe4 Qd8 27.Bb1 Bxh3 28.Bxh6 gxh6  1/2-1/2

[Event "Munich op9293"]
[Site "Munich"]
[Date "1993.??.??"]
[Round "6"]
[White "Bischoff, Klaus"]
[Black "Bjerring, Kai"]
[Result "1-0"]
[WhiteElo "2510"]
[BlackElo "2300"]

1.d4 d5 2.c4 c6 3.Nc3 Nf6 4.e3 e6 5.Nf3 Nbd7 6.Qc2 a6 7.b3 Bd6 8.Bb2 O-O
9.Be2 Re8 10.O-O dxc4 11.bxc4 e5 12.Rfe1 e4 13.Ng5 Qe7 14.c5 Bc7 15.Bc4 Bxh2+
16.Kf1 Nd5 17.Qxe4 Qxe4 18.Ngxe4 Nxc3 19.Nxc3 Bc7 20.e4 b5 21.Bd3 Nf6 22.f3 Be6
23.Ne2 Rab8 24.Kf2 a5 25.Bc1 Red8 26.Bg5 h6 27.Be3 Rb7 28.Bc2 a4 29.Nf4 Bc4
30.Nd3 Ba5 31.Ne5 Bc3 32.Nxc4 Bxa1 33.Na5  1-0

[Event "Munich op9293"]
[Site "Munich"]
[Date "1993.??.??"]
[Round "7"]
[White "Kabatianski, Alexandr"]
[Black "Lentrodt, Thomas"]
[Result "1-0"]
[WhiteElo "2275"]
[BlackElo "2350"]

1.d4 d5 2.c4 c6 3.e3 Nf6 4.Nc3 e6 5.Nf3 Nbd7 6.Qc2 Bd6 7.Be2 O-O 8.O-O dxc4
9.Bxc4 e5 10.h3 exd4 11.exd4 Nb6 12.Bb3 h6 13.Bxh6 gxh6 14.Qg6+ Kh8 15.Qxh6+ Nh7
16.Ne4 Be7 17.Nf6 Bf5 18.Nh5 Bf6 19.Nh4 Bd3 20.Rad1 Bxd4 21.Rxd3 Qxh4 22.Rg3 Qe4
23.Rg4 Qe5 24.Bc2 f5 25.Rg7 Qxg7 26.Nxg7 Bxg7 27.Qh5 Rf6 28.Re1 Raf8 29.Re8 Nd5
30.Rxf8+ Rxf8 31.Bxf5 Nf6 32.Qh4 Rd8 33.g4 Rd4 34.Qg3 Bh6 35.Qb8+ Bf8 36.g5 Rd5
37.Qc8 Ng8 38.Bxh7 Rxg5+ 39.Kf1 Kxh7 40.Qxf8 Rg7 41.Qc5 a6 42.Qh5+ Nh6 43.h4 Rf7
44.Qg5 Rf5 45.Qe7+ Rf7 46.Qe6 Rg7 47.f3 Ng8 48.Qc8 Kh6 49.Kf2 Nf6 50.Qe6 Rg6
51.Qf7 b5 52.Qe6 Nd5 53.Qf5 a5 54.Qe5 Kh7 55.f4 Rf6 56.Kf3 a4 57.a3 Kg6 58.Kg4 Kh7
59.f5 Kh6 60.Qe8  1-0

[Event "Naantali op"]
[Site "Naantali"]
[Date "1993.??.??"]
[Round "?"]
[White "Koskinen, Henri"]
[Black "Pakkanen, Jukka"]
[Result "1/2-1/2"]
[WhiteElo "2240"]
[BlackElo "2325"]

1.d4 d5 2.c4 c6 3.Nf3 Nf6 4.Nc3 e6 5.e3 Nbd7 6.Bd3 dxc4 7.Bxc4 b5 8.Bd3 a6
9.e4 c5 10.e5 cxd4 11.Nxb5 Nxe5 12.Nxe5 axb5 13.Bxb5+ Bd7 14.Nxd7 Qa5+ 15.Bd2 Qxb5
16.Nxf8 Kxf8  1/2-1/2

[Event "Nabereznye Chelny"]
[Site "Nabereznye Chelny"]
[Date "1993.??.??"]
[Round "?"]
[White "Galliamova, Alisa"]
[Black "Shur, Mikhail"]
[Result "0-1"]
[WhiteElo "2445"]
[BlackElo "2380"]

1.d4 e6 2.c4 d5 3.Nc3 c6 4.e3 Nf6 5.Nf3 Nbd7 6.Qc2 Be7 7.Be2 O-O 8.O-O a6
9.b3 b6 10.e4 dxe4 11.Nxe4 Bb7 12.Nxf6+ Bxf6 13.Bb2 c5 14.Rad1 cxd4 15.Bxd4 Qc7
16.Rd2 Bxd4 17.Rxd4 Nf6 18.Rfd1 Rac8 19.Qd2 e5 20.Rh4 Rcd8 21.Qe3 Rxd1+ 22.Bxd1 Rd8
23.Be2 e4 24.Nd2 Qd6 25.Nf1 h6 26.Rh3 a5 27.Rg3 Kf8 28.Qc1 Qd4 29.Qf4 Qd6
30.Qxd6+ Rxd6 31.a3 Nd7 32.b4 g6 33.bxa5 bxa5 34.Rb3 Bc6 35.Ne3 a4 36.Rb4 Rd2
37.Bd1 Ne5 38.Rb6 Bd7 39.Kf1 Ra2 40.Rd6 Ke7 41.Rd5 Nd3 42.Rd4 Bc6 43.Nc2 Rb2
44.Ke2 Nc1+ 45.Ke3 Nb3 46.Rxe4+ Bxe4 47.Kxe4 Kd6 48.Kd3 Nc5+ 49.Kc3 Rb3+
50.Kd2 Ne4+ 51.Ke1 Kc5 52.Bf3 f5 53.h4 h5 54.Ke2 Kxc4 55.Ne3+ Kd4 56.Bxe4 fxe4
57.g3 Rb2+ 58.Kf1 Ra2 59.Kg2 Kd3 60.Nd5 Rxa3 61.Nf4+ Kd2 62.Nxg6 Rc3 63.g4  0-1

[Event "FRA-ch"]
[Site "Nantes"]
[Date "1993.??.??"]
[Round "8"]
[White "Lamoureux, Charles"]
[Black "Relange, Eloi"]
[Result "0-1"]
[WhiteElo "2380"]
[BlackElo "2365"]

1.d4 d5 2.c4 e6 3.Nc3 c6 4.e3 Nf6 5.Nf3 Nbd7 6.Qc2 Bd6 7.Be2 O-O 8.O-O Re8
9.Rd1 Qe7 10.h3 h6 11.a3 a5 12.b3 b6 13.e4 Nxe4 14.Nxe4 dxe4 15.Qxe4 Bb7
16.Bb2 Rad8 17.Bd3 Nf6 18.Qe3 c5 19.Bc2 cxd4 20.Bxd4 Bc5 21.Bxc5 bxc5 22.Ne5 Qc7
23.Rac1 Qb6 24.Rxd8 Rxd8 25.Rd1 Rd4 26.Rxd4 cxd4 27.Qf4 Qd6 28.f3 Qxa3 29.Qxd4 Qc1+
30.Bd1 Nh5 31.Kf2 f6 32.Qd8+ Kh7 33.Qd3+ f5 34.Qd4 Qg5 35.Nd3 Qd2+ 36.Be2 f4
37.Qe5 g5 38.Qxe6  0-1

[Event "Maccabiah"]
[Site "Netanya"]
[Date "1993.??.??"]
[Round "1"]
[White "Manor, Ilan"]
[Black "Fridman, Daniel"]
[Result "1-0"]
[WhiteElo "2465"]
[BlackElo "2425"]

1.d4 d5 2.c4 c6 3.Nf3 Nf6 4.Nc3 e6 5.e3 Nbd7 6.Bd3 dxc4 7.Bxc4 b5 8.Bd3 a6
9.e4 c5 10.e5 cxd4 11.Nxb5 Ng4 12.Nbxd4 Qb6 13.O-O Bb7 14.Qa4 Bc5 15.Be3 Rd8
16.h3 Nxe3 17.fxe3 O-O 18.Kh1 Be7 19.Qb3 Qxb3 20.axb3 Nc5 21.Bc4 Rb8 22.b4 Ne4
23.Rfc1 Bxb4 24.Bxa6 Bxa6 25.Rxa6 Nf2+ 26.Kg1 Nd3 27.Rc7 Bc5 28.b3 Bxd4 29.Nxd4 Nxe5
30.Ra5 Nd3 31.Raa7 Rb6 32.Rcb7 Rb4 33.Rxb4 Nxb4 34.Rb7 Nd5 35.Kf2 Ra8 36.b4 Ra2+
37.Kf3 h6 38.b5 Ra3 39.b6 Rxe3+ 40.Kf2 Rd3 41.Nc6 Rd2+ 42.Kg1 Kh7 43.Rd7  1-0

[Event "Neuwied op"]
[Site "Neuwied"]
[Date "1993.??.??"]
[Round "5"]
[White "Farago, Ivan"]
[Black "Kishnev, Sergey"]
[Result "1/2-1/2"]
[WhiteElo "2510"]
[BlackElo "2510"]

1.d4 Nf6 2.c4 e6 3.Nf3 d5 4.Nc3 c6 5.e3 Nbd7 6.Qc2 Bd6 7.Be2 O-O 8.O-O Qe7
9.e4 Nxe4 10.Nxe4 dxe4 11.Qxe4 e5 12.Bg5 Nf6 13.Bxf6 gxf6 14.Qh4 e4 15.Nd2 f5
16.Qxe7 Bxe7 17.Rad1 Bf6 18.Nb3 f4 19.Nc5 Re8 20.f3  1/2-1/2

[Event "Neuwied op"]
[Site "Neuwied"]
[Date "1993.??.??"]
[Round "7"]
[White "Portisch, Ferenc"]
[Black "Vuckovic, Aleksandar"]
[Result "1-0"]
[WhiteElo "2400"]
[BlackElo "2345"]

1.d4 Nf6 2.c4 e6 3.Nc3 d5 4.Nf3 c6 5.e3 Be7 6.Qc2 O-O 7.Be2 Nbd7 8.O-O dxc4
9.Bxc4 Qc7 10.h3 e5 11.e4 exd4 12.Nxd4 Ne5 13.Be2 Ng6 14.Rd1 Bd7 15.Be3 Rad8
16.Nd5 Nxd5 17.exd5 Nf4 18.Bf3 c5 19.Nb3 b6 20.Qd2 Bd6 21.Bxf4  1-0

[Event "New York Enhance"]
[Site "New York"]
[Date "1993.??.??"]
[Round "1"]
[White "Kaliksteyn, Alexander"]
[Black "Leveille, Francois"]
[Result "0-1"]
[WhiteElo "2375"]
[BlackElo "2345"]

1.c4 c6 2.Nc3 d5 3.d4 Nf6 4.e3 e6 5.Nf3 Nbd7 6.Qc2 Bd6 7.Be2 O-O 8.O-O Qe7
9.e4 dxe4 10.Nxe4 Nxe4 11.Qxe4 e5 12.Bg5 Nf6 13.Bxf6 gxf6 14.c5 exd4 15.Qc2 Bxc5
16.Bd3 Bb6 17.Rfe1 Qd6 18.Re4 Bf5 19.Rxd4 Bxd4 20.Bxf5 Rfe8 21.Qd3 Rad8 22.Bxh7+ Kg7
23.Rd1 Qf4 24.Qc2 Bxf2+ 25.Kxf2 Rxd1 26.Qxd1 Qe3+ 27.Kf1 Kxh7 28.Qd7 Qc1+
29.Kf2 Qxb2+ 30.Kf1 Qb1+  0-1

[Event "New York Enhance"]
[Site "New York"]
[Date "1993.??.??"]
[Round "2"]
[White "Friedman, Aviv"]
[Black "Ashley, Maurice"]
[Result "0-1"]
[WhiteElo "2300"]
[BlackElo "2435"]

1.Nf3 d5 2.c4 c6 3.d4 e6 4.e3 Nf6 5.Nc3 Nbd7 6.Qc2 Bd6 7.Be2 O-O 8.O-O e5
9.cxd5 cxd5 10.dxe5 Nxe5 11.Rd1 Qc7 12.g3 Be6 13.Nd4 a6 14.a4 Rac8 15.Qb3 Bc5
16.Bd2 Nc6 17.Be1 Qe5 18.Nxe6 fxe6 19.a5 Rc7 20.Na4 Ba7 21.Nb6 Ne4 22.f4 Qf5
23.Bf3 Ne5 24.Be2 Nc4 25.Nxc4 dxc4 26.Bxc4 Bxe3+ 27.Kg2 Ng5 28.Qxe3 Rxc4
29.Bc3 Qh3+ 30.Kh1 Rcxf4 31.Qg1 Rf2 32.Rd8 Rxh2+ 33.Qxh2 Qxh2+ 34.Kxh2 Rxd8
35.Ra4 Rd7 36.Kg2 h6 37.Rc4 Kf7 38.Kf2 Kg6 39.Ke3 Rf7 40.g4 Rf3+ 41.Ke2 Rf7
42.Ke3 h5 43.gxh5+ Kxh5 44.Rc8 Kg4 45.Rg8 e5 46.Re8 Nf3 47.Bxe5 Nxe5 48.Rxe5 g5
49.Re8 Kg3 50.b4 g4 51.Kd4  0-1

[Event "New York op"]
[Site "New York"]
[Date "1993.??.??"]
[Round "3"]
[White "Belakovskaia, Anjelina"]
[Black "Gianopoulos, P."]
[Result "1-0"]
[WhiteElo "2290"]
[BlackElo "2325"]

1.d4 d5 2.c4 c6 3.Nf3 Nf6 4.Nc3 e6 5.e3 Nbd7 6.Be2 dxc4 7.Bxc4 b5 8.Bd3 a6
9.e4 c5 10.e5 c4 11.Bb1 Nd5 12.Ne4 Qb6 13.O-O Bb7 14.Qe2 Be7 15.Rd1 h6 16.h3 f5
17.exf6 N5xf6 18.Nxf6+ Bxf6 19.Bg6+ Kf8 20.a4 Rd8 21.axb5 axb5 22.Bd2 Qd6
23.Ra7 Bd5 24.Ba5 Rc8 25.Re1 Be7 26.Ne5 Nxe5 27.dxe5 Qc5 28.Qd2 Qxa7 29.Qf4+ Bf6
30.exf6 Qxa5 31.Qd6+  1-0

[Event "New York op"]
[Site "New York"]
[Date "1993.??.??"]
[Round "3"]
[White "Urday, Henry"]
[Black "Alexopoulos, Georgios"]
[Result "1/2-1/2"]
[WhiteElo "2465"]
[BlackElo "2235"]

1.d4 Nf6 2.Nf3 d5 3.c4 c6 4.e3 e6 5.Nc3 Nbd7 6.Qc2 a6 7.b3 Bd6 8.Be2 O-O
9.O-O dxc4 10.bxc4 c5 11.Ng5 b6 12.Nge4 Be7 13.Rd1 cxd4 14.exd4 Bb7 15.Bf4 Nxe4
16.Nxe4 Nf6 17.Nxf6+ Bxf6 18.Be3 Qc7 19.Rab1 b5 20.Qb3 Be4 21.Rbc1 bxc4 22.Bxc4  1/2-1/2

[Event "New York op"]
[Site "New York"]
[Date "1993.??.??"]
[Round "4"]
[White "Berube, Richard"]
[Black "Zamora, Jorge"]
[Result "1/2-1/2"]
[WhiteElo "2295"]
[BlackElo "2285"]

1.d4 d5 2.Nf3 c6 3.c4 e6 4.e3 Nf6 5.Nc3 Nbd7 6.Bd3 dxc4 7.Bxc4 b5 8.Be2 Bb7
9.O-O a6 10.e4 c5 11.e5 Nd5 12.Ne4 Qb6 13.a4 Rc8 14.axb5 axb5 15.Bd2 c4 16.Ba5 Qc6
17.Nfd2 Be7 18.Bf3 O-O 19.b3 Ra8 20.bxc4 bxc4 21.Qc2 Rfc8 22.Rfc1 Ba6 23.Nc3 h6
24.Qe4 Bb7 25.Qg4 Nf8 26.Nxd5 exd5 27.Rxc4 Qb5 28.Rca4 Bd8 29.Rb4 Qxb4 30.Bxb4 Rxa1+
31.Nf1 Ba6 32.h4 Rxf1+ 33.Kh2 Rxf2 34.Bxd5 Rcc2 35.Bxf8 Kxf8 36.Qd7 Be7 37.Bc6 g6
38.Kg3 Rfe2 39.Qe8+ Kg7 40.Bd5 Bxh4+ 41.Kxh4 Rf2 42.e6 Rc3 43.Bf3 fxe6 44.Qe7+ Kh8
45.Qf8+ Kh7 46.Qf7+ Kh8 47.Qf6+ Kh7 48.Qe7+ Kh8 49.Qxe6 Bd3 50.Kg3 Rfc2 51.Qf6+ Kh7
52.d5 Bf5 53.Qf7+  1/2-1/2

[Event "New York op"]
[Site "New York"]
[Date "1993.??.??"]
[Round "5"]
[White "Finegold, Benjamin"]
[Black "Kaidanov, Grigory S"]
[Result "1/2-1/2"]
[WhiteElo "2490"]
[BlackElo "2620"]

1.d4 d5 2.c4 e6 3.Nc3 c6 4.e3 Nf6 5.Nf3 Nbd7 6.Bd3 dxc4 7.Bxc4 b5 8.Bd3 Bb7
9.O-O a6 10.e4 c5 11.d5 c4 12.dxe6 cxd3 13.exd7+ Qxd7 14.Re1 Be7 15.e5 Nd5
16.Qxd3 Nxc3  1/2-1/2

[Event "New York Enhance"]
[Site "New York"]
[Date "1993.??.??"]
[Round "6"]
[White "Kaliksteyn, Alexander"]
[Black "Vucic, Mladen"]
[Result "1/2-1/2"]
[WhiteElo "2375"]
[BlackElo "2425"]

1.c4 c6 2.Nc3 d5 3.d4 Nf6 4.e3 e6 5.Nf3 Nbd7 6.Qc2 Bd6 7.Be2 O-O 8.O-O e5
9.cxd5 cxd5 10.dxe5 Nxe5 11.Rd1 Nxf3+ 12.Bxf3 Qc7 13.g3 Be5 14.Bd2 Be6 15.Rac1 Rac8
16.Qd3 Qd7 17.Be1 Rfd8 18.Qe2 a6 19.Rd3 Qe8 20.Rdd1 h6 21.Bg2 Bb8 22.Rd2 Be5
23.Rdd1 b5 24.a3 Bc7 25.Rd3 Bb6 26.Rcd1 Bf5 27.R3d2 Ba5 28.Rd4 Bb6 29.Rf4 Qe6
30.a4 Bc7 31.Rh4 Ne4 32.g4 Bg6 33.axb5 Qe7 34.Rh3 Ng5 35.Rg3 Bxg3 36.hxg3 d4
37.exd4 Qxe2 38.Nxe2 axb5 39.Ba5 Re8 40.Nc3 Bc2 41.Rd2 Re1+ 42.Kh2 Be4 43.Bxe4 Nxe4
44.Nxe4 Rxe4 45.d5 Rcc4 46.Bb6 Re7 47.d6 Rd7 48.Kh3 g5 49.Bc7 f6 50.f3 Kf7
51.Re2 Rc5 52.Kg2 Re5 53.Rd2 Ke6 54.f4 gxf4 55.gxf4 Re3 56.Kf2 Rb3 57.f5+ Ke5
58.Re2+ Kd5 59.Re6 Rxb2+ 60.Ke3 Rb3+ 61.Kf4 Rb4+ 62.Kf3 Rb1 63.Rxf6 b4 64.Rxh6 b3
65.Rh2 b2 66.Rf2 Ke5 67.Ba5 Kxd6 68.Bc3 Rb7 69.Bf6 Kd7 70.g5 Ke8 71.g6 Rb3+
72.Kf4 Rb4+ 73.Kf3 Rb6 74.Bg7 Rb3+ 75.Kf4 Rb4+ 76.Kf3 Rb3+ 77.Kf4 Rb7 78.f6 Rb4+
79.Kf3 Rb3+ 80.Kf4 Rb4+ 81.Kf3  1/2-1/2

[Event "New York op"]
[Site "New York"]
[Date "1993.??.??"]
[Round "7"]
[White "Ashley, Maurice"]
[Black "Hess, Ralf"]
[Result "1-0"]
[WhiteElo "2365"]
[BlackElo "2390"]

1.d4 Nf6 2.c4 c6 3.Nc3 d5 4.e3 e6 5.Nf3 Nbd7 6.Qc2 a6 7.Bd2 dxc4 8.Bxc4 b5
9.Be2 c5 10.O-O Bb7 11.Rfd1 Rc8 12.dxc5 Bxc5 13.a3 O-O 14.Rac1 Qe7 15.Qb1 Rfd8
16.h3 Bd6 17.e4 Ne5 18.Bg5 h6 19.Be3 Nxf3+ 20.Bxf3 Nd7 21.Be2 Ne5 22.Bb6 Bc7
23.Rxd8+ Qxd8 24.Rd1 Qh4 25.Bxc7 Rxc7 26.Rd4 Rc5 27.Qd1 Ng6 28.g3 Rg5 29.Kh2 Rxg3
30.fxg3 Qf6 31.Bf3 Ne5 32.Bg2 h5 33.Rd8+  1-0

[Event "Nikolaev zt"]
[Site "Nikolaev"]
[Date "1993.??.??"]
[Round "?"]
[White "Aleksandrov, Aleksej"]
[Black "Savchenko, Stanislav"]
[Result "1-0"]
[WhiteElo "2530"]
[BlackElo "2535"]

1.d4 d5 2.c4 c6 3.Nc3 Nf6 4.e3 e6 5.Nf3 Nbd7 6.Bd3 dxc4 7.Bxc4 b5 8.Be2 Bb7
9.O-O Be7 10.e4 b4 11.e5 Nd5 12.Ne4 h6 13.Bd2 c5 14.Bb5 cxd4 15.Nxd4 Qb6
16.Bxd7+ Kxd7 17.Nb3 Rhc8 18.Qg4 f5 19.exf6 gxf6 20.Qd1 f5 21.Be3 Qb5 22.Ng3 Bd6
23.Qh5 Nxe3 24.Qf7+ Be7 25.fxe3 Rf8 26.Qg7 Rg8 27.Qxh6 Qe5 28.Rad1+ Bd5 29.Qf4 Qxf4
30.exf4 a5 31.Rfe1 Rg4 32.Nxf5 Rxg2+ 33.Kf1 Rag8 34.Rxd5+ exd5 35.Rxe7+ Kc6
36.Re6+ Kc7 37.Re7+ Kc6 38.Nbd4+ Kc5 39.Rc7+ Kb6 40.Rc6+ Ka7 41.Nd6 Rxb2
42.N4b5+ Ka8 43.Ra6+ Kb8 44.Rb6+ Ka8 45.Nc7+  1-0

[Event "NLD-chT"]
[Site "?"]
[Date "1993.??.??"]
[Round "6"]
[White "Krudde, Fitzgerald"]
[Black "Kortschnoj, Viktor"]
[Result "0-1"]
[WhiteElo "2235"]
[BlackElo "2605"]

1.d4 Nf6 2.c4 e6 3.Nf3 d5 4.Nc3 c6 5.e3 Nbd7 6.Bd3 dxc4 7.Bxc4 b5 8.Bd3 a6
9.a4 b4 10.Ne4 c5 11.Nxf6+ Nxf6 12.e4 Bb7 13.Qe2 cxd4 14.O-O Be7 15.Rd1 O-O
16.e5 Bxf3 17.Qxf3 Nd7 18.Be4 Ra7 19.Rxd4 Qa5 20.Qd3 g6 21.Bh6 Nxe5 22.Qg3 Rd8
23.Rxd8+ Bxd8 24.Rd1 Rd7 25.Rxd7 Nxd7 26.Qd6 Bg5 27.Qxd7 Bxh6 28.Bb7 b3 29.g3 Qe5
30.Bxa6 Qxb2 31.Bd3 Bd2 32.Qb5 Be1 33.Be2 Qd4 34.Qb8+ Kg7 35.Qf4 Qxf4 36.gxf4 Bd2
37.Bd1 b2 38.Bc2 Kf6 39.Kg2 Bxf4 40.a5 Bb8 41.a6 Kg5 42.Kf3 Kh4 43.Kg2 Kg4
44.Bb1 Ba7 45.Bc2 f5 46.Bb1 e5  0-1

[Event "NLD-chT"]
[Site "?"]
[Date "1993.??.??"]
[Round "7"]
[White "Hoeksema, Hendrik Pieter"]
[Black "Okkes, Menno"]
[Result "0-1"]
[WhiteElo "2405"]
[BlackElo "2285"]

1.d4 d5 2.c4 c6 3.Nc3 Nf6 4.e3 e6 5.Nf3 Nbd7 6.Qc2 Bd6 7.g4 h6 8.Bd2 dxc4
9.Bxc4 b5 10.Bd3 Bb7 11.Rg1 b4 12.Ne4 Nxe4 13.Bxe4 Qb6 14.Rc1 c5 15.g5 Ke7
16.Ne5 Bxe5 17.dxe5 Rac8 18.gxh6 Rxh6 19.Bxb7 Qxb7 20.e4 Rh7 21.Bf4 Kf8 22.Qd3 Rh4
23.Qe3 Nxe5 24.Rd1 Ng6 25.Bd6+ Kg8 26.f3 c4 27.Rg2 a5 28.Rc2 Qb5 29.Qd4 e5
30.Qd5 Qa6 31.Bc5 Nf4 32.Qxc4 Qxc4 33.Rxc4 Rxh2 34.Rd2 Rh1+ 35.Kf2 Rh2+ 36.Ke1 Rxd2
37.Kxd2 Ne6  0-1

[Event "NOR-ch"]
[Site "?"]
[Date "1993.??.??"]
[Round "5"]
[White "Bern, Ivar"]
[Black "Groenn, Atle"]
[Result "0-1"]
[WhiteElo "2370"]
[BlackElo "2325"]

1.d4 d5 2.c4 c6 3.Nc3 Nf6 4.Nf3 e6 5.e3 Nbd7 6.Qc2 Bd6 7.Be2 O-O 8.O-O dxc4
9.Bxc4 b5 10.Bb3 Bb7 11.e4 e5 12.h3 exd4 13.Nxd4 Nc5 14.Nf5 Be5 15.Be3 Nxb3
16.Qxb3 Bc8 17.Rad1 Qc7 18.Nd4 b4 19.Na4 Nxe4 20.Qc2 Re8 21.Qxc6 Bd7 22.Qxc7 Bxc7
23.b3 Bxa4 24.bxa4 Nc3 25.Nb5 Be5 26.Nxa7 Nxd1 27.Rxd1 Bb8 28.Nc6 Rxa4 29.Ne7+ Kh8
30.Bc5 h6 31.g3 Rxa2 32.Bxb4 Ba7 33.Rf1 Rb2 34.Bd6 Bb8 35.Bc5 Rc2 36.Bb4 Ba7
37.Kg2 Rb8 38.Ba3 Rb3  0-1

[Event "NOR-ch"]
[Site "?"]
[Date "1993.??.??"]
[Round "6"]
[White "Ogaard, Leif"]
[Black "Gausel, Einar"]
[Result "1/2-1/2"]
[WhiteElo "2415"]
[BlackElo "2500"]

1.d4 d5 2.c4 e6 3.Nc3 c6 4.Nf3 Nf6 5.e3 Nbd7 6.Bd3 dxc4 7.Bxc4 b5 8.Bd3 Bb7
9.O-O a6 10.e4 c5 11.d5 c4 12.dxe6 fxe6 13.Bc2 Qc7 14.Qe2 Bd6 15.Re1 Ne5
16.Ng5 Qe7 17.Nh3 Rd8 18.Bf4 O-O 19.Rad1 Bc7 20.a3 Rxd1 21.Rxd1 Nfg4 22.Bxe5 Nxe5
23.f4 Ng6 24.g3 Bb6+ 25.Nf2 Nxf4 26.gxf4 Rxf4 27.Rf1 Qh4 28.Kg2  1/2-1/2

[Event "NOR-ch"]
[Site "?"]
[Date "1993.??.??"]
[Round "7"]
[White "Fyllingen, Roy Harald"]
[Black "Groenn, Atle"]
[Result "1-0"]
[WhiteElo "2330"]
[BlackElo "2325"]

1.d4 d5 2.c4 e6 3.Nc3 c6 4.e3 Nf6 5.Nf3 Nbd7 6.Qc2 Bd6 7.Be2 O-O 8.b3 e5
9.cxd5 Nxd5 10.O-O Nxc3 11.Qxc3 Qe7 12.Bb2 Re8 13.Rad1 e4 14.Ne5 Bb4 15.Qc2 Nxe5
16.dxe5 Bf5 17.Qc4 Ba5 18.f3 exf3 19.Rxf3 Be6 20.Qe4 Bd5 21.Rxd5 cxd5 22.Qxd5 Bb4
23.Bc4 Rf8 24.Qe4 Rad8 25.Bd4 Bc5 26.Rh3 g6 27.e6 f5 28.Qh4 Qxh4 29.e7+ Rf7
30.Rxh4 Bxe7 31.Bxf7+ Kxf7 32.Rxh7+ Ke6 33.Rh6 Kf7 34.Rh7+ Ke6 35.Rh6 Kf7
36.Rh8 Rxh8 37.Bxh8 Ke6 38.Kf2 Kd5 39.Kf3 Bg5 40.h3 b5 41.Bc3 Bh6 42.g4 Bg5
43.gxf5 gxf5 44.Be1 Ke5 45.h4 Bd8 46.h5 Bg5 47.Bc3+ Ke6 48.Bg7 Kf7 49.h6 a5
50.e4 fxe4+ 51.Kxe4 a4 52.b4 Bd2 53.Bb2 Bxh6 54.Kd5 a3 55.Bc3 Bf8 56.Kc6 Ke6
57.Kxb5 Kd5 58.Be1 Kd4 59.Ka4 Kc4 60.b5 Bc5 61.Bd2 Bd6 62.b6 Kc5 63.Ka5 Kc4
64.Be1 Bc5 65.b7 Ba7 66.Bg3 Kc3 67.Ka6 Bb8 68.Bxb8 Kb2 69.Bd6  1-0

[Event "NOR-ch"]
[Site "?"]
[Date "1993.??.??"]
[Round "8"]
[White "Djurhuus, Rune"]
[Black "Groenn, Atle"]
[Result "1-0"]
[WhiteElo "2460"]
[BlackElo "2325"]

1.d4 d5 2.c4 c6 3.Nf3 Nf6 4.Nc3 e6 5.e3 Nbd7 6.Qc2 Bd6 7.g4 h6 8.Bd2 Qe7
9.cxd5 exd5 10.Bd3 c5 11.O-O-O c4 12.Be2 Rb8 13.h3 Qe6 14.Ne5 Nxe5 15.dxe5 Bxe5
16.g5 Ne4 17.Nxe4 dxe4 18.Bb4 Qc6 19.Bxc4 Be6 20.Bxe6 Qxe6 21.Kb1 f5 22.g6 Qxg6
23.Qc5 Qe6 24.Rd5 Bf6 25.Rd6 Qc8 26.Qb5+ Kf7 27.Qd5+ Kg6 28.Rg1+  1-0

[Event "NOR-ch"]
[Site "?"]
[Date "1993.??.??"]
[Round "9"]
[White "Ogaard, Leif"]
[Black "Haugli, Petter"]
[Result "1-0"]
[WhiteElo "2415"]
[BlackElo "2395"]

1.d4 d5 2.c4 e6 3.Nc3 c6 4.Nf3 Nf6 5.e3 Nbd7 6.Bd3 dxc4 7.Bxc4 b5 8.Bd3 a6
9.e4 c5 10.d5 e5 11.b3 c4 12.bxc4 Bb4 13.Bb2 bxc4 14.Bc2 O-O 15.O-O a5 16.a3 Bc5
17.Na4 Bd6 18.Bc3 Qe7 19.Qd2 Bxa3 20.Nxe5 Nxe5 21.Bxe5 Bb4 22.Qd4 Re8 23.Bg3 Nh5
24.d6 Nxg3 25.hxg3 Bxd6 26.Rad1 Be5 27.Qe3 Bb8 28.Rfe1 Ra6 29.Qd4 Ba7 30.Qxc4 Rf6
31.Rd2 Qe5 32.Qc3 Qxc3 33.Nxc3 Rg6 34.Nd5 Bc5 35.Ra1 Bb7 36.Rxa5 Bf8 37.Ra7 Bxd5
38.Rxd5 Rc6 39.Ba4 Rc1+ 40.Kh2 Re6 41.g4 Rc8 42.e5 Re7 43.Ra6 Rb7 44.f4 g6
45.Rd3 Rcb8 46.g3 Bc5 47.Rc6 Be7 48.f5 Rb4 49.Bd1 Re4 50.f6 Rxe5 51.Rd7 Bxf6
52.Rxf6 Re1 53.Bf3 Rf8 54.Bd5 Kg7 55.g5 Kh8 56.Bxf7 Re2+ 57.Kh3 Re5 58.Bd5 Ree8
59.Bf7 Rd8 60.Re7 Rb8 61.Rf4  1-0

[Event "NOR-chT east"]
[Site "NOR"]
[Date "1993.??.??"]
[Round "1"]
[White "Agdestein, Simen"]
[Black "Engedal, Kim Nikolai"]
[Result "1-0"]
[WhiteElo "2630"]
[BlackElo "2240"]

1.c4 e6 2.Nc3 d5 3.d4 c6 4.e3 Nf6 5.Nf3 Nbd7 6.Qc2 Bd6 7.Be2 dxc4 8.a4 O-O
9.Bxc4 Qe7 10.O-O e5 11.h3 Kh8 12.Ba2 h6 13.Nh4 Bb8 14.Nf5 Qd8 15.Rd1 Qc7
16.dxe5 Qxe5 17.f4 Qc5 18.b4 Qxb4 19.Bb1 Re8 20.Ba3 Qa5 21.Bb2 Qc5 22.Qf2 Nf8
23.Nxg7 Kxg7 24.Ne4 Rxe4 25.Bxe4 Qe7 26.Bb1 Ng6 27.Qd2 Kg8 28.Bxg6 fxg6 29.Qd8+ Kf7
30.Bxf6  1-0

[Event "NOR-chT east"]
[Site "NOR"]
[Date "1993.??.??"]
[Round "2"]
[White "Djurhuus, Rune"]
[Black "Engedal, Kim Nikolai"]
[Result "1-0"]
[WhiteElo "2485"]
[BlackElo "2240"]

1.d4 d5 2.c4 e6 3.Nc3 c6 4.e3 Nf6 5.Nf3 Nbd7 6.Qc2 Bd6 7.g4 dxc4 8.g5 Nd5
9.Bxc4 N7b6 10.Be2 c5 11.Nxd5 Nxd5 12.Bd2 cxd4 13.Qa4+ Kf8 14.Qxd4 Qb6 15.Rc1 Bd7
16.Qxb6 Nxb6 17.Nd4 e5 18.Nb5 Bxb5 19.Bxb5 Ke7 20.Bd3 Nd7 21.Ke2 Nc5 22.Bb1 b5
23.h4 Rab8 24.f4 f6 25.Bb4 Rbc8 26.gxf6+ gxf6 27.Bf5 Ne6 28.Bxd6+ Kxd6 29.Rcd1+ Ke7
30.fxe5 fxe5 31.Rd5 Rc5 32.Rxc5 Nxc5 33.Rc1 Kd6 34.Rd1+ Kc6 35.b4 Na6 36.a3 Nb8
37.Be4+ Kb6 38.Rd6+ Kc7 39.Rd5 a6 40.Rxe5 Kd6 41.Rg5 Nd7 42.Rg7 Nf6 43.Bd3 Ra8
44.Rb7 h6 45.Rb6+ Ke5 46.Rc6 Ra7 47.Bc2 Ra8 48.Bb3 Ra7 49.Kf3 a5 50.Re6+ Kf5
51.e4+ Nxe4 52.Rxe4 axb4 53.axb4 Ra3  1-0

[Event "NOR-chT east"]
[Site "NOR"]
[Date "1993.??.??"]
[Round "6"]
[White "Hoff, Terje"]
[Black "Engedal, Kim Nikolai"]
[Result "0-1"]
[WhiteElo "2055"]
[BlackElo "2240"]

1.d4 d5 2.c4 e6 3.Nc3 c6 4.e3 Nf6 5.Nf3 Nbd7 6.Bd3 Bd6 7.e4 dxe4 8.Nxe4 Nxe4
9.Bxe4 e5 10.O-O exd4 11.Qxd4 Qf6 12.Qe3 O-O 13.Bd2 Nc5 14.Bc3 Qe7 15.Qd4 f5
16.Bc2 Ne6 17.Qe3 Qf7 18.Rad1 Bf4 19.Qd3 Qh5 20.g3 Bc7 21.b4 a5 22.b5 Rf7
23.Rde1 Bd7 24.Bd1 Qh3 25.Rxe6 Bxe6 26.Ng5 Qh6 27.Nxf7 Kxf7 28.bxc6 bxc6
29.Bd2 Qg6 30.Bf3 Rd8 31.Qe2 Kf8 32.Bc3 Qf7 33.Rd1 Bxc4 34.Rxd8+ Bxd8 35.Qd2 Bd5
36.Be2 Qe6 37.f3 Bb6+ 38.Kg2 Bxa2 39.Qb2 g5 40.Bd3 Bb3 41.Bd2 g4 42.Qh8+ Ke7
43.Bg5+ Kd6 44.Qb8+ Kc5 45.Bc1 gxf3+ 46.Kf2 Kd4 47.Bf1 Bc5 48.Kg1 f2+ 49.Kxf2 Kc3+
50.Kg2 Qe4+  0-1

[Event "NOR-chT east"]
[Site "NOR"]
[Date "1993.??.??"]
[Round "7"]
[White "Henriksen, Geir"]
[Black "Grotnes, Nils"]
[Result "0-1"]
[WhiteElo "2250"]
[BlackElo "2310"]

1.d4 Nf6 2.c4 e6 3.Nf3 d5 4.Nc3 c6 5.e3 Nbd7 6.Qc2 Bd6 7.Be2 dxc4 8.Bxc4 O-O
9.O-O e5 10.e4 exd4 11.Nxd4 Nb6 12.Nce2 Nxc4 13.Qxc4 Re8 14.f3 Qc7 15.h3 a6
16.Be3 c5 17.Nb3 b6 18.Rfd1 Bb7 19.Bf2 Rad8 20.Qc2 Rd7 21.Nd2 Red8 22.Nf1 c4
23.Rac1 b5 24.Ne3 Bc5 25.Rxd7 Nxd7 26.Nc3 Ne5 27.Ned5 Bxd5 28.Nxd5 Rxd5 29.exd5 Nd3
30.Rf1 Bxf2+ 31.Rxf2 Qc5 32.Qe2 g6 33.d6 Nxf2 34.Qe8+ Kg7 35.d7 Ng4+ 36.Kh1 Nf6
37.Qc8 Nxd7 38.Qxd7 Qf2 39.b3 Qe1+ 40.Kh2 Qe5+ 41.Kh1 c3 42.Qc6 h5 43.f4 Qf6
44.Qc5 b4 45.Qc4 a5 46.Kg1 Qe6 47.Qc5 Qe4  0-1

[Event "Novosibirsk"]
[Site "Novosibirsk"]
[Date "1993.??.??"]
[Round "1"]
[White "Epishin, Vladimir"]
[Black "Akopian, Vladimir"]
[Result "1/2-1/2"]
[WhiteElo "2620"]
[BlackElo "2615"]

1.d4 d5 2.c4 c6 3.Nc3 Nf6 4.e3 e6 5.Nf3 Nbd7 6.Qc2 Bd6 7.Be2 O-O 8.O-O dxc4
9.Bxc4 Qe7 10.a3 e5 11.h3 Bc7 12.Ba2 h6 13.Nh4 Re8 14.Nf5 Qf8 15.Ne2 Nb6
16.dxe5 Rxe5 17.Neg3 Be6 18.b4 Bxa2 19.Rxa2 g6 20.Nd4 Ree8 21.Nde2 h5 22.Rd1 Rad8
23.Rxd8 Rxd8 24.e4 Re8 25.Bg5 Nh7 26.Be3 Qe7 27.f3 Rd8 28.Nf1 a6 29.Qc1 Rd3
30.Rd2 Qd7 31.Qc2 Rxd2 32.Nxd2 Nf8 33.Nb3 Ne6 34.Na5 Qc8 35.Qd3 Nd7 36.f4 Bxa5
37.bxa5 Qe8  1/2-1/2